| 000 | 01539cam a2200241 4500 | ||
|---|---|---|---|
| 001 | ABS65056 | ||
| 008 | 020205n2002 000 0 eng u | ||
| 035 | _a(Sirsi) u116610 | ||
| 245 | _aR (on the application of Lemon Land Ltd) v Hackney LBC | ||
| 260 | _c2002 | ||
| 490 |
_aEstates Gazette _v[2002] 03 EG 128-130(3) |
||
| 520 | _a"R (on the application of Lemon Land Ltd) v Hackney LBC" QBD, 11 May 2001, which examined the issue of whether Hackney LBC (H) could sell land at a lower price because the bidder offered economic benefit in the form of employment creation rather than a higher bidder, Lemon Land Ltd (L), that wanted the land for residential development. H proposed to sell development land (capable of both residential and employment-creation development), to the London Development Agency (LDA) who could pay a price reflecting the land's non-residential value but L made a higher offer close to the open-market value of the land for residential use. L applied for a judicial review of H's decision to sell the land to LDA without seeking the consent of the Secretary of State. Held: the application was allowed; L was entitled to the same benefits as offered LDA under the Local Government Act 1972 s123(2). | ||
| 590 | _aABS | ||
| 650 | _aR V HACKNEY LBC EX P LEMON LAND LTD | ||
| 650 | _aSALE OF LAND | ||
| 650 | _aDEVELOPMENT LAND | ||
| 650 | _aECONOMIC ISSUES | ||
| 650 | _aLAND VALUES | ||
| 650 | _aLOCAL GOVERNMENT ACT 1972 s123(2) | ||
| 650 | _aEMPLOYMENT CREATION | ||
| 690 | _aLAW | ||
| 942 | _n0 | ||
| 999 |
_c69434 _d69434 |
||